Literary Works in Other Words Quiz Stats

 Plays Quiz Updated Nov 27, 2018

Challenge
Share
Tweet
Embed
Score 0/41 Timer 07:00
1 Play Today
Other Words Literary Work % Correct
The Snatcher in the GrainThe Catcher in the Rye
91.4%
Master of the Winged InsectsLord of the Flies
88.8%
Departed with the BreezeGone with the Wind
88.5%
Vineyard Fruit of AngerThe Grapes of Wrath
84.6%
The Geriatric Male and the Body of WaterThe Old Man and the Sea
83.9%
A Story of a Pair of MetropolisesA Tale of Two Cities
83.9%
The Deformed Occupant of a Famous CathedralThe Hunchback of Notre Dame
82.4%
The Hue VioletThe Color Purple
82.1%
Law-Breaking and PenaltyCrime and Punishment
81.6%
A Mechanical Citrus FruitA Clockwork Orange
77.7%
An Adieu to WeaponryA Farewell to Arms
76.9%
A Trolley Called LustA Streetcar Named Desire
76%
The PickedThe Chosen
75.6%
Cardiac Muscle of ShadowHeart of Darkness
74.5%
To Annihilate an Avian CopycatTo Kill a Mockingbird
73.6%
The Crimson Alphabet ConstituentThe Scarlet Letter
72.6%
Courageous Fresh EarthBrave New World
72.1%
An Individual Winged Above the Crazy Bird's DwellingOne Flew Over the Cuckoo's Nest
68.5%
Butchering Place 4+1Slaughterhouse-Five
67.9%
The Search for Burgundy Month in FallThe Hunt for Red October
66%
Conceit and DiscriminationPride and Prejudice
65.9%
Other Words Literary Work % Correct
The Noise and the RageThe Sound and the Fury
59.5%
A Solstice Evening's VisionA Midsummer Night's Dream
57.6%
The Wretched Ones (French)Les Miserables
56.9%
Hail of the UntamedCall of the Wild
54.4%
AdoredBeloved
52.9%
Imperceptible FellowInvisible Man
50.1%
The TransformationThe Metamorphosis
49.2%
Helios Ascends as WellThe Sun Also Rises
49%
Male Offspring and ParamoursSons and Lovers
48.4%
The Escapades of Thomas WoodcutterThe Adventures of Tom Sawyer
45.9%
While I Was Prostrate PerishingAs I Lay Dying
45.5%
Affection's Works WastedLove's Labour's Lost
44.7%
Depiction of the Painter as a YouthPortrait of the Artist as a Young Man
43.8%
Windy CragsWuthering Heights
41.5%
The Chime Glass-ContainerThe Bell Jar
38.1%
OdysseusUlysses
37.5%
12 a.m.'s ProgenyMidnight's Children
35.5%
Gloomy AbodeBleak House
29.9%
Towards the Beacon TowerTo the Lighthouse
28.8%
Patriotic SongAnthem
25.4%

You're not logged in!

Compare scores with friends on all Sporcle quizzes.
OR
Log In

You Might Also Like...

Show Comments

Extras

Top Quizzes Today


Score Distribution

Your Account Isn't Verified!

In order to create a playlist on Sporcle, you need to verify the email address you used during registration. Go to your Sporcle Settings to finish the process.

Report this User

Report this user for behavior that violates our Community Guidelines.

Details: